Quizzes
Events
Quiz Creation
Community
Videos
Private Events
Remove Ads
Sign In
Join for FREE
Feedback
Dark Mode
Quiz Categories
Sports
Geography
Music
Movies
Television
Just For Fun
Miscellaneous
History
Literature
Language
Science
Gaming
Entertainment
Religion
Holiday
For Kids
Quiz Lab
Recent
Popular Today
Quiz Kudos Today
Editor Picks
Curator Picks
Quizzes by...
Day
Popularity
Type
Ratings
Length
Year
Community
Subscriptions
Recent Discussions
Orange Saloon
Badges
Playlists
Quests
Create
Leaderboards
Showdown
Live 5
Trivia Bingo
Activity
Puzzle Library
Sporcle Events
Private Events
Virtual Trivia
Globe League
Become a Host
Pub Owners
SporcleCon
Opinionation
Our Games
Videos
Blog
Mobile Apps
Partnerships
Remove Ads and Go Orange
Feedback
Sports
Athletes
MLB
NBA
NHL
NFL
Soccer
Sports Teams
WWE
NCAA
Football
Premier League
Basketball
Baseball
Hockey
Golf
Tennis
Cricket
Rugby
Auto Racing
Olympics
World Cup
Sports
Athletes
MLB
NBA
NHL
NFL
Soccer
Sports Teams
WWE
NCAA
Football
Premier League
Basketball
Baseball
Hockey
Golf
Tennis
Cricket
Rugby
Auto Racing
Olympics
World Cup
Random Quiz
Search Sporcle
×
Quiz Lab
Quiz Lab
Sports
middlesbrough
Type in answers that appear in a list
Type in answers that appear in a list
Classic
Best Score? Go Orange.
Middlesbrough players in Premiership history 1992-2009 Stats
Can you name the all Middlesbrough players in PREMIERSHIP history?
By
emate
15m
155 Questions
1,038 Plays
1,038 Plays
1,038 Plays
Comments
Comments
Give Quiz Kudos
Give Quiz Kudos
-
- Ratings
hide this ad
Replay
Link that replays current quiz
Next Quiz
Link to next quiz in quiz playlist
You Got
0%
They Got
Avg Score
54%
Avg Friend Score
Upgrade to see
Score Distribution
Jump to the score distribution portion of the page
Score
0/155
Timer
15:00
0
Plays Today
Years
Name of player
% Correct
1995-
1997, 99-
00, 02-
04
Juninho (125 games, 29 goals)
94.5%
2001-
2009
Stewart Downing (181 games, 17 goals)
90.9%
1996-
1997, 98-
08
Mark Schwarzer (332 games)
90.3%
2001-
2007
Gareth Southgate (183 games, 4 goals)
89.4%
2004-
2007
Mark Viduka (72 games, 26 goals)
89%
1996-
1997
Fabrizio Ravanelli (33 games, 16 goals)
87.8%
2005-
2009
Adam Johnson (70 games, 2 goals)
86.2%
2008-
2009
John Johnson (1 game)
86.2%
2003-
2009
Brad Jones (34 games)
85.7%
2000-
2006
Joseph Job (93 games, 16 goals)
85%
2003-
2005
Boudewijn Zenden (67 games, 9 goals)
84.7%
2004-
2006
Jimmy Floyd Hasselbaink (56 games, 22 goals)
84.5%
1998-
2002
Hamilton Ricard (106 games, 31 goals)
84.2%
1999-
2000
Christian Ziege (29 games, 6 goals)
83.5%
1996-
1997
Moises Emerson (32 games, 4 goals)
83%
2007-
2009
Afonso Alves (42 games, 10 goals)
83%
2005-
2008
Ayegbeni Yakubu (73 games, 25 goals)
81.9%
2007-
2009
Mido (25 games, 6 goals)
81.7%
2000-
2003
Alen Boksic (68 games, 22 goals)
80.7%
2000-
2006
Ugo Ehiogu (126 games, 7 goals)
80.5%
2006-
2009
Julio Arca (63 games, 4 goals)
79.5%
1996-
1997, 98-
99
Mikkel Beck (52 games, 10 goals)
79.3%
2003-
2007
Gaizka Mendieta (62 games, 4 goals)
78.7%
2007-
2009
Tuncay Sanli (67 games, 15 goals)
78.6%
2002-
2008
George Boateng (182 games, 7 goals)
77.9%
1998-
2000
Paul Gascoigne (34 games, 4 goals)
76.9%
2001-
2006
Szilard Nemeth (117 games, 23 goals)
76.9%
1995-
1997
Claudio Branco (9 games)
76.8%
2005-
2009
Emanuel Pogatetz (110 games, 4 goals)
76.4%
1996-
1997, 98-
02
Gianluca Festa (100 games, 8 goals)
76.1%
2002-
2007
Massimo Maccarone (81 games, 18 goals)
75.6%
1999-
2002
Paul Ince (93 games, 7 goals)
75.1%
1995-
1997
Bryan Robson (3 games)
75%
1995-
1997
Nick Barmby (42 games, 8 goals)
74.3%
2002-
2003
Geremi (33 games, 7 goals)
73.8%
1998-
1999
Paul Merson (3 games)
72.5%
2006-
2009
Robert Huth (49 games, 2 goals)
72.4%
2007-
2009
Jeremie Aliadiere (58 games, 7 goals)
71.5%
2002-
2006
Doriva (79 games)
71.1%
1992-
2002
Curtis Fleming (146 games, 2 goals)
70.5%
1992-
1993, 95-
97
Chris Morris (52 games, 3 goals)
70.1%
1998-
1999
Marco Branca (1 game)
69.7%
1992-
1993
Steve Pears (26 games)
69.6%
1998-
2001
Gary Pallister (55 games, 1 goal)
69.3%
1992-
1993, 95-
97
Craig Hignett (65 games, 13 goals)
68.6%
2000-
2001
Christian Karembeu (33 games, 4 goals)
68.2%
2001-
2006
Franck Queudrue (150 games, 11 goals)
67.6%
1998-
2006
Colin Cooper (158 games, 5 games)
67.5%
2005-
2008
Fabio Rochemback (68 games, 5 goals)
67.3%
2007-
2009
Gary O'Neil (55 games, 4 goals)
67.1%
1992-
1993, 95-
97, 98-
02
Robbie Mustoe (196 games, 11 goas)
67.1%
2004-
2006
Michael Reiziger (22 games, 1 goal)
66.5%
Years
Name of player
% Correct
1995-
1996
Jan Åge Fjørtoft (33 games, 7 goals)
66.2%
1995-
1997, 98-
02
Steve Vickers (156 games, 2 goals)
65.1%
2007-
2008
Luke Young (35 games, 1 goal)
64.8%
2006-
2008
Dong-Gook Lee (23 games)
64.7%
2003-
2007
James Morrison (67 games, 3 goals)
64.4%
1996-
1997, 98-
99
Vladimir Kinder (11 games, 3 goals)
63.4%
1995-
1997
Nigel Pearson (54 games)
63.3%
2005-
2009
David Wheater (74 games, 5 goals)
63.2%
1992-
1993, 95-
96
John Hendrie (45 games, 10 goals)
62.9%
2005-
2009
Ross Turnbull (27 games)
62.1%
2002-
2009
Chris Riggott (98 games, 5 goals)
61.9%
1992-
1993
Bernie Slaven (18 games, 4 goals)
61.7%
1998-
2000
Andy Townsend (40 games, 1 goal)
61.7%
2000-
2002
Paul Okon (28 games)
61%
2006-
2008
Jonathan Woodgate (46 games)
60.7%
1992-
1993, 95-
97
Derek Whyte (80 games)
59.9%
1995-
1997
Clayton Blackmore (21 games, 2 goals)
59.9%
1998-
2001
Brian Deane (87 games, 18 goals)
59.4%
2005-
2008
Lee Cattermole (69 games, 3 goals)
59.4%
2005-
2007
Abel Xavier (18 games, 1 goal)
59.4%
2001-
2004
Jonathan Greening (99 games, 5 goals)
59.1%
2005-
2009
Andrew Taylor (92 games)
59%
1995-
1997, 98-
02
Phil Stamp (93 games, 6 goals)
58.9%
2004-
2009
Matthew Bates (36 games, 1 goal)
58.8%
2002-
2007
Stuart Parnaby (91 games, 2 goals)
58.5%
2006-
2007
Jason Euell (17 games)
58.4%
1995-
1996
Jaime Moreno (7 games)
57.9%
2004-
2006
Ray Parlour (46 games)
57.1%
2000-
2003
Noel Whelan (61 games, 5 goals)
56.6%
2003-
2004
Danny Mills (28 games)
56.2%
1992-
1993, 95-
96
Paul Wilkinson (44 games, 15 goals)
56%
2001-
2002
Allan Johnston (17 games, 1 goal)
55.5%
2001-
2003
Mark Wilson (16 games)
55.3%
2007-
2009
Mohamed Shawky (18 games)
55.1%
1995-
1997
Alan Miller (16 games)
54.9%
1999-
2004
Carlos Marinelli (43 games, 3 goals)
54.9%
1995-
1997, 00-
01
Gary Walsh (47 games)
54.7%
2002-
2007
Malcolm Christie (43 games, 7 goals)
54.2%
2002-
2004
Michael Ricketts (32 games, 3 goals)
53.8%
1992-
1993, 95-
97, 98-
99
Alan Moore (35 games)
53.4%
2000-
2002
Mark Crossley (23 games)
53.2%
1995-
1997
Neil Cox (66 games, 2 goals)
52.3%
2002-
2003
Tony Vidmar (12 games)
52.2%
1998-
2002
Dean Gordon (63 games, 5 goals)
51.3%
2008-
2009
Didier Digard (23 games)
51.3%
1992-
1993, 95-
96
Jamie Pollock (53 games, 2 goals)
51.2%
2008-
2009
Marlon King (13 games, 2 goals)
50.9%
1998-
2004
Robbie Stockdale (74 games, 2 goals)
49.8%
1997-
1997
Ben Roberts (10 games)
49.7%
1995-
1997, 98-
02
Andy Campbell (49 games, 4 goals)
49.3%
2008-
2009
Marvin Emnes (15 games)
49.2%
1998-
2000
Alun Armstrong (18 games, 2 goals)
48.7%
Years
Name of player
% Correct
2004-
2009
Tony McMahon (30 games)
48.1%
1998-
2001
Keith O'Neill (37 games)
47.6%
2003-
2004
Alan Wright (2 games)
47.2%
2002
Benito Carbone (13 games, 1 goal)
47%
2002-
2008
Andrew Davies (53 games)
46.7%
2001-
2003
Luke Wilkshire (21 games)
45.9%
2008-
2009
Justin Hoyte (22 games)
43.1%
2000-
2003
Dean Windass (37 games, 3 goals)
42.3%
2008-
2009
Joe Bennett (1 game)
41.1%
2004-
2007
Danny Graham (15 games, 1 goal)
40.8%
1998-
2002
Marlon Beresford (7 games)
36.7%
1992-
1993
Alan Kernaghan (22 games)
35.5%
1995-
1997, 98-
01
Mark Summerbell (40 games, 1 goal)
35.1%
2001-
2002
Michael Debeve (4 games)
34%
2005-
2009
Josh Walker (7 games)
33.8%
1992-
1993, 95-
96
Graham Kavanagh (17 games, 1 goal)
33.4%
1998-
2000
Neil Maddison (33 games)
32.6%
1992-
1993
Jimmy Phillips (40 games, 2 goals)
32.3%
1995-
1997
Alan White (1 game)
32.3%
1996-
1997
Alan White (1 game)
32.3%
1998-
2002
Jason Gavin (31 games)
32.3%
1998-
1999
Craig Harrison (4 games)
31.3%
2007-
2009
Seb Hines (2 games)
31.3%
1998-
1999
Steve Baker (2 games)
31.2%
1995-
1997
Chris Freestone (6 games, 1 goal)
30.7%
2007-
2009
Jonathan Grounds (7 games)
29.3%
1992-
1993
Gary Parkinson (4 games)
28.6%
2001-
2003
David Murphy (13 games)
28%
2003-
2005
Carlo Nash (3 games)
27.8%
1999-
2000
Anthony Ormerod (1 game)
27.6%
1992-
1993
Andy Peake (33 games)
26%
2004-
2006
Jason Kennedy (4 games)
25.4%
1992-
1993
Willie Falconer (28 games, 5 goals)
25.3%
2007-
2008
Ben Hutchinson (8 games, 1 goal)
25.2%
2008-
2009
Jonathan Franks (1 game)
24.4%
1995-
1997
Craig Liddle (18 games)
24.2%
1992-
1993
Ian Ironside (12 games)
23%
2005-
2008
Tom Craddock (4 games)
22.9%
1992-
1993
Nicky Mohan (18 games)
22.6%
1992-
1993
Chris Kamara (5 games)
22.4%
1992-
1993
Jon Gittens (13 games)
21%
2002-
2003
John Eustace (1 game)
20.3%
1995-
1996
Mickey Barron (1 game)
19.8%
1992-
1993
Mark Proctor (11 games)
19.5%
2000-
2002
Mark Hudson (5 games)
17.5%
1992-
1993
Andy Collett (2 games)
17.1%
1992-
1993
Brian Horne (4 games)
15.7%
1998-
2000
Michael Cummins (2 games)
14.2%
1999-
2000
Sean Kilgannon (1 game)
13.8%
1992-
1993
Dwight Marshall (3 games)
11.6%
1995-
1996
Keith O'Halloran (3 games)
3%
Quiz Playlist
Details
Report
Send in Message
Add To Playlist
Classic:
Type in answers that appear in a list
Last Updated: Feb 16, 2017
Quiz Scoreboard
CHALLENGE
Sign Up to Join the Scoreboard
Show All
Scores
Hide
Comments
May contain spoilers
Recently Published
Popular People in 1961
by mucciniale
History
6m
1-10 Letter E Words III
by El_Dandy
Language
2m
One Thing in Common: World Cities II
by knightlancer
Geography
7m
More to Explore
Quiz From the Vault
Featured Blog Post
Where Did the Easter Bunny Come From?
hide this ad
You Might Also Like...
Tags
middlesbrough
Today's Top Quizzes in Sports
Browse Sports
hide this ad
Today's Top Quizzes in middlesbrough
Browse middlesbrough
Top Contributed Quizzes in Sports
1
Les meilleurs buteurs des matchs entre le PSG et l’OM
2
Les entraîneurs de l'OM et du PSG au 21e siècle
3
2022 World Cup Stars
4
FIFA Club World Cup Champions
5
Name the Premier League winners with different clubs
6
La finale Lions - Afrique du Sud 2021
7
Criteria MLB: Left Handed Sluggers
8
Players with Multiple 50 Home Run Seasons
9
MLB Players with Two .350 Batting Average Seasons
10
MLB Hall of Famer by Rings
Explore More
Trending Topics
Disney
Marvel
Crossword
Anime
Harry Potter
NBA
Kpop
NFL
The Office
Country
Song
WWE
Pokémon
Soccer
Puzzle
hide this ad
More By:
emate
Quiz
Plays
Rating
Category
Featured
Created
Newcastle United players 1993-2019
7,154
5.00
Sports
Mar 1, 2011
Arsenal players 1992-2016
6,322
4.29
Sports
Mar 6, 2011
Liverpool players 1992-2016
5,752
4.40
Sports
Mar 3, 2011
Manchester United players 1992-2016
3,581
4.80
Sports
Mar 3, 2011
Tottenham players 1992-2016
3,178
5.00
Sports
Mar 7, 2011
Go to Creator's Profile
Score Distribution
Quiz Creator Spotlight
emate
Follow
Send a Message
Quizzes Created
-
Created Quiz Play Count
-
More By This Creator
Popular Quizzes Today
1
Find the US States - No Outlines Minefield
2
The Countries of the World
3
Find the Countries of Europe - No Outlines Minefield
4
Popular People in 1961
5
1-10 Letter E Words III
6
Find the US States
7
One Thing in Common: World Cities II
8
US States
More Sports Quizzes
MLB Kenny Lofton Teams
Published
Trending Quizzes
Risky Map Clicking: Least Populous States A-Z
1-10 Letter F Words
1-10 Letter G Words
One Thing in Common: United Kingdom
Risky Map Clicking: Next State Alphabetically
Recently Updated
Leaping Animals
pecheneg
Reality TV Shows (A-Z)
bhenderson79
Rickey Henderson's Hall of Fame Teammates
pecheneg
Champions League XIs: Arsenal
pecheneg
Quick Pick: Celebrities in WWE's Hall of Fame
aduchscher
A-Z Keypad Blitz II
pecheneg
Multiple Oscar Actors
pecheneg
Mystery Phrase Blitz: Oscar 'Best Actors'
pecheneg
F. Scott Fitzgerald Novels
LTH
Pick 3 Villains
ddd62291
Trending Topics
Anime
Marvel
Disney
Harry Potter
NBA
Kpop
Crossword
Country
Pokémon
Soccer
Song
WWE
NFL
The Office
Puzzle
Your Account Isn't Verified!
In order to create a playlist on Sporcle, you need to verify the email address you used during registration. Go to your
Sporcle Settings
to finish the process.
Report this User
Report this user for behavior that violates our
Community Guidelines
.
Details:
Send Report
Go to the Sporcle.com Mobile Site →
Comments